<?xml version="1.0" encoding="UTF-8"?><?xml-stylesheet type="text/xsl" href="static/style.xsl"?><OAI-PMH xmlns="http://www.openarchives.org/OAI/2.0/" xmlns:xsi="http://www.w3.org/2001/XMLSchema-instance" xsi:schemaLocation="http://www.openarchives.org/OAI/2.0/ http://www.openarchives.org/OAI/2.0/OAI-PMH.xsd"><responseDate>2026-04-14T08:40:47Z</responseDate><request verb="GetRecord" identifier="oai:www.recercat.cat:2117/118604" metadataPrefix="marc">https://recercat.cat/oai/request</request><GetRecord><record><header><identifier>oai:recercat.cat:2117/118604</identifier><datestamp>2025-07-16T22:58:11Z</datestamp><setSpec>com_2072_1033</setSpec><setSpec>col_2072_452949</setSpec></header><metadata><record xmlns="http://www.loc.gov/MARC21/slim" xmlns:dcterms="http://purl.org/dc/terms/" xmlns:xsi="http://www.w3.org/2001/XMLSchema-instance" xmlns:doc="http://www.lyncode.com/xoai" xsi:schemaLocation="http://www.loc.gov/MARC21/slim http://www.loc.gov/standards/marcxml/schema/MARC21slim.xsd">
   <leader>00925njm 22002777a 4500</leader>
   <datafield ind2=" " ind1=" " tag="042">
      <subfield code="a">dc</subfield>
   </datafield>
   <datafield ind2=" " ind1=" " tag="720">
      <subfield code="a">Camporeale, Antonio</subfield>
      <subfield code="e">author</subfield>
   </datafield>
   <datafield ind2=" " ind1=" " tag="260">
      <subfield code="c">2017-06-01</subfield>
   </datafield>
   <datafield ind2=" " ind1=" " tag="520">
      <subfield code="a">Ponència presentada a la sessió 5</subfield>
   </datafield>
   <datafield ind2=" " ind1=" " tag="520">
      <subfield code="a">Historical urban fabrics of Mediterranean cities have well‐defined characters: they are a temporary synthesis of&#xd;
continuous and physical transformations, more or less homogeneous, recognizable and readable through the study of&#xd;
stratification and fusions that characterized their typical formative process, in relation with masonry material they are&#xd;
composed/constructed. Their conservation results positively effective if paradoxically they continue to transform themselves.&#xd;
How to make such transformations coherent, constructively and expressively, compared to the inherited reality they fit into? Through a certain kind of typological studies, it was possible to read and codify the type of process that has led to the formation, often only apparently complex, of historical centers that we are now protecting against any type of intervention.&#xd;
This work‐in‐progress paper intends to reflect on the coherent and processual use of reinforced concrete in the transformation process of historic centers. A material that has undergone a formative process that was concluded in its full and complete ‘elastic’ development, born and realized in the technologically‐advanced areas of central and northern Europe, which ended up invading Mediterranean areas. The same material possesses a ‘plastic’ potential that, if architecturally well‐used, makes coherent, necessary and congruent, interventions for the continuity of the life of such historical centers. Spanish ‘plastic’ contemporary architecture could represents, in my opinion, an interesting example to study.</subfield>
   </datafield>
   <datafield tag="653" ind2=" " ind1=" ">
      <subfield code="a">Àrees temàtiques de la UPC::Arquitectura::Restauració arquitectònica</subfield>
   </datafield>
   <datafield tag="653" ind2=" " ind1=" ">
      <subfield code="a">Àrees temàtiques de la UPC::Edificació::Materials de construcció::Formigó</subfield>
   </datafield>
   <datafield tag="653" ind2=" " ind1=" ">
      <subfield code="a">Reinforced concrete construction -- Spain</subfield>
   </datafield>
   <datafield tag="653" ind2=" " ind1=" ">
      <subfield code="a">Architecture -- Conservation and restoration -- Spain</subfield>
   </datafield>
   <datafield tag="653" ind2=" " ind1=" ">
      <subfield code="a">Construcció en formigó armat amb fibres -- Espanya</subfield>
   </datafield>
   <datafield tag="653" ind2=" " ind1=" ">
      <subfield code="a">Arquitectura -- Conservació i restauració  -- Espanya</subfield>
   </datafield>
   <datafield ind2="0" ind1="0" tag="245">
      <subfield code="a">Process and plastic transformation. Contemporary architecture in mediterranean historical centers</subfield>
   </datafield>
</record></metadata></record></GetRecord></OAI-PMH>